| 000 | 00713nam a2200241 a 4500 | ||
|---|---|---|---|
| 999 |
_c1004 _d1004 |
||
| 008 | 191118t2007 xxua|||g |||| 00| 0 eng d | ||
| 020 |
_a9780671201562 _cRs. 499.00 |
||
| 040 |
_aKO _beng |
||
| 041 | 0 | _aeng | |
| 044 | _axxu | ||
| 082 | 0 | 4 |
_223 _a530.1 _bEi68 |
| 100 | 1 | _aEinstein, Albert | |
| 245 | 1 | 0 |
_aThe Evolution of Physics : _bFrom Early Concepts to Relativity and Quanta / _cAlbert Einstein and Leopold Infeld |
| 260 |
_aNew York : _bTouchstone (Simon & Schuster Inc.) , _c2007 |
||
| 300 |
_axxx, 302 p. : _bill. ; _c21 cm |
||
| 504 | _aIncludes Index. | ||
| 650 | 0 | _aPhysics | |
| 650 | 0 | _aRelativity (Physics) | |
| 700 |
_aInfeld, Leopold _eaut |
||
| 904 | _aA_BOSE | ||
| 942 | _cBK | ||